| 000 | 00603nam a22001457a 4500 | ||
|---|---|---|---|
| 020 | _a978-1-4169-3881-1 | ||
| 082 |
_a823 _bKEE/N |
||
| 100 | _aKEENE, CAROLYN | ||
| 245 | _aNANCY DREW - REAL FAKE | ||
| 260 |
_aNEW YORK _bALADDIN PAPERBACKS _c2007 |
||
| 300 | _a186 | ||
| 520 | _aI was all set for a fun-filled adventure in the City of Lights... until I started getting creepy e-mails from a strange address. It looks like the real mystery is going on behind the scenes. The other contestants are so eager to win, I wonder how far they're willing to go. | ||
| 650 |
_aMYSTERY _zUNITED STATES |
||
| 942 | _cBK | ||
| 999 |
_c7890 _d7890 |
||